[Event "Kennemer Combinatie - Charlois Europoort"]
[Site ""]
[Date "2023.04.22"]
[Round "1.1"]
[White "Sekandar, Kambiz"]
[Black "Sokolov, Ivan"]
[Result "0-1"]
[WhiteElo "2250"]
[BlackElo "2590"]

1. e4 {[%clk 01:30:57]} {[%emt 00:26:05]} c5 {[%clk 01:30:15]} {[%emt
00:00:32]} 2. c3 {[%clk 01:31:20]} d5 {[%clk 01:30:34]} {[%emt 00:00:32]} 3.
exd5 Qxd5 {[%clk 01:31:00]} 4. Nf3 {[%clk 01:31:54]} {[%emt 00:00:32]} g6
{[%clk 01:28:37]} {[%emt 00:02:41]} 5. d4 {[%clk 01:29:39]} {[%emt 00:02:41]}
Bg7 {[%clk 01:28:12]} {[%emt 00:01:05]} 6. dxc5 {[%clk 01:27:27]} {[%emt
00:02:41]} Qxc5 {[%clk 01:27:45]} {[%emt 00:01:04]} 7. Be3 {[%clk 01:27:49]}
Qc7 {[%clk 01:27:43]} {[%emt 00:00:32]} 8. Be2 {[%clk 01:24:50]} {[%emt
00:03:13]} Nc6 {[%clk 01:25:15]} {[%emt 00:03:13]} 9. Na3 {[%clk 01:23:13]}
{[%emt 00:02:09]} Nh6 {[%clk 01:22:28]} {[%emt 00:03:13]} 10. Nb5 {[%clk
01:18:08]} {[%emt 00:05:22]} Qb8 {[%clk 01:22:12]} {[%emt 00:01:04]} 11. Nfd4
{[%clk 01:10:56]} {[%emt 00:07:31]} O-O {[%clk 01:21:28]} {[%emt 00:01:04]} 12.
O-O {[%clk 01:00:57]} {[%emt 00:10:44]} e5 {[%clk 01:16:16]} {[%emt 00:05:54]}
13. Nxc6 {[%clk 00:50:20]} {[%emt 00:10:44]} bxc6 {[%clk 01:16:22]} {[%emt
00:00:32]} 14. Na3 {[%clk 00:50:38]} Be6 {[%clk 01:14:38]} {[%emt 00:02:09]} 15.
Qc1 {[%clk 00:39:19]} {[%emt 00:12:19]} Nf5 {[%clk 01:13:22]} {[%emt 00:01:36]}
16. Bc5 {[%clk 00:38:56]} {[%emt 00:00:33]} Rd8 {[%clk 01:13:25]} {[%emt
00:00:31]} 17. Rd1 {[%clk 00:37:39]} {[%emt 00:02:09]} Rd5 {[%clk 01:12:22]}
{[%emt 00:01:37]} 18. b4 {[%clk 00:36:25]} {[%emt 00:01:37]} e4 {[%clk
01:08:50]} {[%emt 00:03:45]} 19. Rxd5 {[%clk 00:31:54]} {[%emt 00:05:22]} cxd5
{[%clk 01:07:37]} {[%emt 00:01:36]} 20. Nb5 {[%clk 00:29:57]} {[%emt 00:02:09]}
a5 {[%clk 01:07:03]} {[%emt 00:01:04]} 21. a3 {[%clk 00:29:09]} {[%emt
00:01:37]} Bh6 {[%clk 01:01:12]} {[%emt 00:06:26]} 22. Qd1 {[%clk 00:27:29]}
{[%emt 00:02:09]} e3 {[%clk 01:01:17]} {[%emt 00:00:02]} 23. g3 {[%clk
00:23:00]} {[%emt 00:05:20]} exf2+ {[%clk 00:57:55]} {[%emt 00:03:45]} 24. Bxf2
{[%clk 00:22:49]} {[%emt 00:00:32]} Ne3 {[%clk 00:57:51]} {[%emt 00:00:32]} 25.
Qd4 {[%clk 00:17:56]} {[%emt 00:05:22]} Nc4 {[%clk 00:50:35]} {[%emt 00:08:03]}
26. Qh4 {[%clk 00:10:07]} {[%emt 00:08:03]} Bg7 {[%clk 00:49:05]} {[%emt
00:02:09]} 27. Nd4 {[%clk 00:10:08]} {[%emt 00:00:32]} Qd6 {[%clk 00:41:09]}
{[%emt 00:08:35]} 28. Bxc4 {[%clk 00:08:14]} {[%emt 00:02:09]} dxc4 {[%clk
00:41:23]} {[%emt 00:00:32]} 29. Nxe6 Qxe6 {[%clk 00:41:50]} 30. bxa5 {[%clk
00:08:49]} {[%emt 00:00:32]} Qd5 {[%clk 00:37:15]} {[%emt 00:04:49]} 31. Bb6
{[%clk 00:05:09]} {[%emt 00:04:18]} Bxc3 {[%clk 00:32:51]} {[%emt 00:04:50]} 32.
Rc1 {[%clk 00:04:51]} {[%emt 00:00:32]} Rc8 {[%clk 00:26:47]} {[%emt 00:06:59]}
33. Qg4 {[%clk 00:04:27]} {[%emt 00:00:32]} f5 {[%clk 00:26:37]} {[%emt
00:01:04]} 34. Qe2 {[%clk 00:04:18]} {[%emt 00:00:32]} Bd2 {[%clk 00:26:26]}
{[%emt 00:00:32]} 35. Rc2 {[%clk 00:03:32]} {[%emt 00:01:05]} c3 {[%clk
00:26:52]} 36. Qe7 {[%clk 00:02:10]} {[%emt 00:02:09]} Be3+ {[%clk 00:23:19]}
{[%emt 00:03:47]} 37. Bxe3 {[%clk 00:02:12]} {[%emt 00:00:31]} Qd1+ {[%clk
00:23:47]} 38. Kg2 {[%clk 00:02:31]} {[%emt 00:00:32]} Qxc2+ {[%clk 00:24:15]}
39. Kh3 {[%clk 00:02:47]} Qe4 {[%clk 00:24:34]} {[%emt 00:00:32]} 40. Qd7
{[%clk 00:02:50]} Qc6 {[%clk 00:23:26]} {[%emt 00:01:37]} 41. Qa7 {[%clk
00:00:56]} {[%emt 00:02:41]} c2 {[%clk 00:20:54]} {[%emt 00:03:13]} 42. Bc1
{[%clk 00:24:23]} {[%emt 00:06:58]} Qb5 {[%clk 00:47:13]} {[%emt 00:04:17]} 0-1

[Event "Kennemer Combinatie - Charlois Europoort"]
[Site ""]
[Date "2023.04.22"]
[Round "1.2"]
[White "Pham, Khoi"]
[Black "Meng, Roger"]
[Result "1-0"]
[WhiteElo "2355"]
[BlackElo "2444"]

1. e4 {[%clk 01:30:59]} {[%emt 00:00:31]} g6 {[%clk 01:22:41]} {[%emt
00:08:03]} 2. d4 {[%clk 01:31:22]} Bg7 {[%clk 01:23:07]} 3. Nc3 {[%clk
01:31:41]} {[%emt 00:00:32]} d6 {[%clk 01:23:18]} 4. Be3 {[%clk 01:32:03]} a6
{[%clk 01:23:43]} {[%emt 00:00:32]} 5. Qd2 {[%clk 01:32:03]} b5 {[%clk
01:23:44]} {[%emt 00:00:32]} 6. O-O-O {[%clk 01:32:23]} {[%emt 00:00:32]} Bb7
{[%clk 01:24:10]} 7. f3 {[%clk 01:32:19]} {[%emt 00:00:32]} Nd7 {[%clk
01:20:56]} {[%emt 00:03:45]} 8. h4 {[%clk 01:32:00]} {[%emt 00:00:33]} h6
{[%clk 01:20:03]} {[%emt 00:01:37]} 9. Nh3 {[%clk 01:32:09]} {[%emt 00:00:32]}
Ngf6 {[%clk 01:14:20]} {[%emt 00:05:54]} 10. g4 {[%clk 01:30:52]} {[%emt
00:01:37]} Nb6 {[%clk 01:14:16]} {[%emt 00:01:04]} 11. Bd3 {[%clk 01:29:28]}
{[%emt 00:01:37]} h5 {[%clk 01:11:29]} {[%emt 00:03:13]} 12. Ng5 {[%clk
01:22:04]} {[%emt 00:08:03]} e6 {[%clk 00:53:36]} {[%emt 00:18:14]} 13. Qf2
{[%clk 01:14:26]} {[%emt 00:08:03]} Qe7 {[%clk 00:45:39]} {[%emt 00:08:35]} 14.
gxh5 {[%clk 01:11:21]} {[%emt 00:03:45]} Nxh5 {[%clk 00:40:20]} {[%emt
00:05:53]} 15. Kb1 {[%clk 01:10:24]} {[%emt 00:01:04]} O-O-O {[%clk 00:32:38]}
{[%emt 00:08:35]} 16. Rhe1 {[%clk 01:01:58]} {[%emt 00:08:35]} Kb8 {[%clk
00:30:22]} {[%emt 00:02:41]} 17. f4 {[%clk 01:00:38]} {[%emt 00:02:09]} Nf6
{[%clk 00:27:17]} {[%emt 00:04:17]} 18. Qg3 {[%clk 00:56:55]} {[%emt 00:03:13]}
d5 {[%clk 00:22:41]} {[%emt 00:05:22]} 19. e5 {[%clk 00:53:08]} {[%emt
00:04:17]} Nh5 {[%clk 00:23:05]} 20. Qg4 {[%clk 00:53:09]} {[%emt 00:00:32]}
Nc4 {[%clk 00:21:52]} {[%emt 00:01:36]} 21. Bc1 {[%clk 00:51:29]} {[%emt
00:02:09]} Rdg8 {[%clk 00:21:02]} {[%emt 00:01:37]} 22. Ne2 {[%clk 00:48:05]}
{[%emt 00:03:45]} Bh6 {[%clk 00:19:19]} {[%emt 00:02:09]} 23. Rh1 {[%clk
00:46:58]} {[%emt 00:01:37]} Bc8 {[%clk 00:16:46]} {[%emt 00:03:13]} 24. Ng3
{[%clk 00:44:55]} {[%emt 00:02:41]} Ng7 {[%clk 00:12:56]} {[%emt 00:04:18]} 25.
Qe2 {[%clk 00:43:12]} {[%emt 00:02:40]} Nf5 {[%clk 00:11:08]} {[%emt 00:01:37]}
26. Bxf5 {[%clk 00:42:12]} {[%emt 00:01:37]} exf5 {[%clk 00:09:00]} {[%emt
00:02:41]} 27. h5 {[%clk 00:41:45]} {[%emt 00:00:34]} Bg7 {[%clk 00:04:03]}
{[%emt 00:05:52]} 28. hxg6 {[%clk 00:37:49]} {[%emt 00:04:50]} fxg6 {[%clk
00:04:32]} 29. Qg2 {[%clk 00:37:04]} {[%emt 00:00:32]} c6 {[%clk 00:04:44]}
{[%emt 00:01:04]} 30. Rxh8 {[%clk 00:36:58]} Rxh8 {[%clk 00:05:13]} 31. Rh1
{[%clk 00:37:11]} {[%emt 00:00:32]} Qf8 {[%clk 00:05:06]} {[%emt 00:00:32]} 32.
Rxh8 {[%clk 00:34:45]} {[%emt 00:02:41]} Qxh8 {[%clk 00:05:35]} 33. b3 {[%clk
00:35:03]} {[%emt 00:00:32]} Nb6 {[%clk 00:05:41]} 34. Ba3 {[%clk 00:34:30]}
{[%emt 00:01:05]} Qh4 {[%clk 00:05:44]} {[%emt 00:00:32]} 35. Qf2 {[%clk
00:29:24]} {[%emt 00:05:55]} Bh6 {[%clk 00:04:14]} {[%emt 00:01:37]} 36. Be7
{[%clk 00:28:44]} {[%emt 00:01:04]} Qg4 {[%clk 00:04:18]} {[%emt 00:00:32]} 37.
Ne2 {[%clk 00:28:35]} {[%emt 00:00:32]} Qh5 {[%clk 00:03:52]} {[%emt 00:01:05]}
38. Kb2 {[%clk 00:28:28]} {[%emt 00:01:05]} Bd7 {[%clk 00:03:24]} {[%emt
00:00:32]} 39. Nc1 {[%clk 00:28:24]} {[%emt 00:01:04]} Nc8 {[%clk 00:03:39]} 40.
Bf6 {[%clk 00:27:53]} {[%emt 00:01:04]} Bf8 {[%clk 00:02:52]} {[%emt 00:01:04]}
41. Qe3 {[%clk 00:26:55]} {[%emt 00:01:38]} Be8 {[%clk 00:26:52]} {[%emt
00:06:26]} 42. Nd3 {[%clk 00:56:51]} {[%emt 00:00:32]} Qd1 {[%clk 00:25:56]}
{[%emt 00:01:05]} 43. Ne6 {[%clk 00:56:34]} {[%emt 00:01:04]} Bh6 {[%clk
00:24:19]} {[%emt 00:02:09]} 44. Nec5 {[%clk 00:56:31]} {[%emt 00:00:32]} Bf8
{[%clk 00:22:08]} {[%emt 00:02:41]} 45. Nxa6+ {[%clk 00:56:09]} {[%emt
00:01:04]} Ka7 {[%clk 00:21:33]} {[%emt 00:01:04]} 46. Nc7 {[%clk 00:54:39]}
{[%emt 00:01:37]} Nb6 {[%clk 00:21:59]} 47. Nc5 {[%clk 00:44:44]} {[%emt
00:10:43]} b4 {[%clk 00:21:14]} {[%emt 00:01:04]} 1-0

[Event "Kennemer Combinatie - Charlois Europoort"]
[Site ""]
[Date "2023.04.22"]
[Round "1.3"]
[White "Vandenbussche, Thibaut"]
[Black "Pardo Simon, David"]
[Result "0-1"]
[WhiteElo "2447"]
[BlackElo "2453"]

1. e4 {[%clk 01:30:59]} {[%emt 00:00:30]} d6 {[%clk 01:30:37]} 2. d4 {[%clk
01:31:23]} Nf6 {[%clk 01:31:04]} 3. Nc3 {[%clk 01:31:48]} e5 {[%clk 01:31:28]}
4. Nf3 {[%clk 01:31:37]} {[%emt 00:01:04]} Nbd7 {[%clk 01:30:05]} {[%emt
00:06:59]} 5. Bc4 {[%clk 01:30:52]} Be7 {[%clk 01:29:54]} 6. a4 {[%clk
01:30:45]} O-O {[%clk 01:29:52]} 7. O-O {[%clk 01:31:11]} c6 {[%clk 01:30:06]}
8. h3 {[%clk 01:29:39]} h6 {[%clk 01:27:55]} {[%emt 00:02:41]} 9. Ba2 {[%clk
01:24:30]} {[%emt 00:08:35]} a5 {[%clk 01:25:04]} {[%emt 00:02:09]} 10. Be3
{[%clk 01:23:10]} Re8 {[%clk 01:18:19]} {[%emt 00:08:35]} 11. Re1 {[%clk
01:14:03]} {[%emt 00:08:35]} exd4 {[%clk 01:15:02]} {[%emt 00:03:45]} 12. Bxd4
{[%clk 01:12:44]} {[%emt 00:02:09]} Nf8 {[%clk 01:11:58]} {[%emt 00:03:45]} 13.
e5 {[%clk 00:56:56]} {[%emt 00:16:06]} dxe5 {[%clk 01:10:56]} {[%emt 00:02:09]}
14. Bxe5 {[%clk 00:57:15]} Be6 {[%clk 01:08:21]} {[%emt 00:02:08]} 15. Bxe6
Nxe6 {[%clk 01:08:43]} 16. Ne2 {[%clk 00:41:53]} {[%emt 00:02:09]} Qb6 {[%clk
01:04:47]} {[%emt 00:04:50]} 17. Ng3 {[%clk 00:38:41]} {[%emt 00:03:13]} Rad8
{[%clk 00:57:38]} {[%emt 00:07:31]} 18. Qe2 {[%clk 00:37:53]} {[%emt 00:01:37]}
Nd7 {[%clk 00:55:49]} {[%emt 00:02:08]} 19. Bc3 {[%clk 00:34:55]} {[%emt
00:04:50]} Bf6 {[%clk 00:55:43]} 20. Qc4 {[%clk 00:31:25]} {[%emt 00:03:45]}
Bxc3 21. Qxc3 {[%clk 00:31:52]} Nf6 {[%clk 00:45:02]} 22. Nf5 {[%clk 00:25:30]}
{[%emt 00:09:08]} Kh7 {[%clk 00:41:32]} {[%emt 00:02:09]} 23. Ne5 {[%clk
00:21:04]} {[%emt 00:04:17]} Rd5 {[%clk 00:34:44]} {[%emt 00:08:03]} 24. Qg3
{[%clk 00:14:46]} {[%emt 00:09:07]} Qc5 {[%clk 00:22:07]} {[%emt 00:12:20]} 25.
c3 {[%clk 00:04:07]} {[%emt 00:10:44]} Nh5 {[%clk 00:18:29]} {[%emt 00:02:41]}
26. Qh4 {[%clk 00:04:21]} Nef4 {[%clk 00:17:36]} {[%emt 00:03:45]} 27. Nxh6
{[%clk 00:00:40]} {[%emt 00:02:08]} Rdxe5 {[%clk 00:16:17]} {[%emt 00:04:18]}
28. Rxe5 Rxe5 {[%clk 00:16:28]} 29. Ng4 {[%clk 00:00:31]} g5 {[%clk 00:16:28]}
30. Nf6+ {[%clk 00:00:35]} Kg6 {[%clk 00:16:57]} 0-1

[Event "Kennemer Combinatie - Charlois Europoort"]
[Site ""]
[Date "2023.04.22"]
[Round "1.4"]
[White "Roebers, Eline"]
[Black "Garrido Dominguez, Jesus"]
[Result "1-0"]
[WhiteElo "2356"]
[BlackElo "2418"]

1. e4 {[%clk 01:30:58]} {[%emt 00:12:20]} d6 {[%clk 01:29:47]} 2. d4 {[%clk
01:31:23]} Nf6 {[%clk 01:30:11]} 3. Nc3 {[%clk 01:31:49]} e5 {[%clk 01:30:37]}
4. Nf3 {[%clk 01:32:17]} Nbd7 {[%clk 01:30:59]} 5. Rg1 {[%clk 01:32:43]} Qe7
{[%clk 01:20:25]} {[%emt 00:00:32]} 6. Be3 {[%clk 01:15:51]} {[%emt 00:32:12]}
c6 {[%clk 01:20:11]} 7. g4 {[%clk 01:09:44]} h5 {[%clk 01:01:30]} {[%emt
01:54:15]} 8. gxh5 {[%clk 01:05:36]} exd4 {[%clk 00:58:40]} 9. Nxd4 {[%clk
01:04:51]} Qe5 {[%clk 00:43:29]} 10. Rg5 {[%clk 00:51:23]} Qxh2 {[%clk
00:43:51]} 11. Qd2 {[%clk 00:46:35]} Ne5 {[%clk 00:27:25]} 12. Bf4 {[%clk
00:39:23]} Qh4 {[%clk 00:27:26]} 13. Bxe5 {[%clk 00:34:23]} dxe5 {[%clk
00:21:59]} 14. Nf3 {[%clk 00:33:39]} Qh1 {[%clk 00:21:21]} 15. O-O-O {[%clk
00:34:03]} Bg4 {[%clk 00:16:42]} 16. Be2 {[%clk 00:24:07]} Qg2 {[%clk
00:16:32]} 17. Nxe5 {[%clk 00:22:40]} Be7 {[%clk 00:15:56]} 18. Nxg4 1-0

[Event "Kennemer Combinatie - Charlois Europoort"]
[Site ""]
[Date "2023.04.22"]
[Round "1.5"]
[White "De Wit, Michel"]
[Black "Nijboer, Friso"]
[Result "1/2-1/2"]
[WhiteElo "2142"]
[BlackElo "2474"]

1. e4 {[%clk 01:30:54]} {[%emt 00:42:41]} c5 {[%clk 01:30:48]} 2. c3 {[%clk
01:31:15]} {[%emt 00:00:32]} d6 {[%clk 01:26:33]} {[%emt 00:04:50]} 3. d4
{[%clk 01:30:40]} {[%emt 00:00:33]} Nf6 {[%clk 01:24:57]} {[%emt 00:02:08]} 4.
f3 {[%clk 01:30:10]} {[%emt 00:01:05]} Qc7 {[%clk 00:58:58]} {[%emt 00:26:50]}
5. Be3 {[%clk 01:27:09]} {[%emt 00:03:13]} e6 {[%clk 00:52:10]} {[%emt
00:07:31]} 6. Nd2 {[%clk 01:20:28]} {[%emt 00:06:59]} Be7 {[%clk 00:51:23]}
{[%emt 00:01:36]} 7. Bd3 {[%clk 01:19:39]} {[%emt 00:01:04]} b6 {[%clk
00:45:27]} {[%emt 00:06:26]} 8. Rc1 {[%clk 01:12:34]} {[%emt 00:07:32]} O-O
{[%clk 00:42:15]} {[%emt 00:03:45]} 9. Ne2 {[%clk 01:05:18]} {[%emt 00:08:02]}
Ba6 {[%clk 00:41:37]} {[%emt 00:01:04]} 10. Bb1 {[%clk 00:57:09]} {[%emt
00:08:35]} Nbd7 {[%clk 00:38:57]} {[%emt 00:03:13]} 11. O-O {[%clk 00:51:41]}
{[%emt 00:05:54]} Rac8 {[%clk 00:38:05]} {[%emt 00:01:04]} 12. Nb3 {[%clk
00:48:30]} {[%emt 00:03:46]} Rfe8 {[%clk 00:23:58]} {[%emt 00:15:01]} 13. Kh1
{[%clk 00:46:03]} {[%emt 00:02:41]} Qb7 {[%clk 00:20:34]} {[%emt 00:03:45]} 14.
Qd2 {[%clk 00:39:46]} {[%emt 00:07:01]} e5 {[%clk 00:13:46]} {[%emt 00:07:29]}
15. Rfd1 {[%clk 00:36:45]} {[%emt 00:03:13]} d5 {[%clk 00:06:37]} {[%emt
00:07:30]} 16. Ng3 {[%clk 00:18:37]} {[%emt 00:18:46]} dxe4 {[%clk 00:06:44]}
{[%emt 00:00:32]} 17. Nxe4 {[%clk 00:18:17]} {[%emt 00:00:32]} exd4 {[%clk
00:07:08]} {[%emt 00:00:32]} 18. cxd4 {[%clk 00:17:34]} {[%emt 00:01:04]} c4
{[%clk 00:07:35]} 19. Na1 {[%clk 00:17:38]} {[%emt 00:00:32]} Nd5 {[%clk
00:08:02]} 20. Bg5 {[%clk 00:16:31]} {[%emt 00:01:37]} f6 {[%clk 00:01:46]}
{[%emt 00:06:27]} 21. Bh4 {[%clk 00:16:18]} {[%emt 00:01:04]} Nf8 {[%clk
00:02:00]} 22. Nc2 {[%clk 00:14:18]} {[%emt 00:02:41]} Rcd8 {[%clk 00:02:26]}
23. Bg3 {[%clk 00:13:34]} {[%emt 00:01:05]} Qd7 {[%clk 00:01:33]} {[%emt
00:01:36]} 24. Nc3 {[%clk 00:12:37]} {[%emt 00:01:37]} Nb4 {[%clk 00:01:38]} 25.
Nxb4 {[%clk 00:09:37]} {[%emt 00:03:46]} Bxb4 {[%clk 00:02:07]} 26. Qc2 {[%clk
00:09:55]} Bb7 {[%clk 00:01:18]} {[%emt 00:01:36]} 27. a3 {[%clk 00:09:59]}
{[%emt 00:00:32]} Bxc3 {[%clk 00:01:17]} {[%emt 00:00:02]} 28. bxc3 {[%clk
00:10:21]} {[%emt 00:00:31]} Bd5 {[%clk 00:01:27]} 29. Re1 {[%clk 00:09:34]}
{[%emt 00:01:36]} Bf7 {[%clk 00:01:55]} 30. Qb2 {[%clk 00:09:01]} {[%emt
00:01:05]} b5 {[%clk 00:00:55]} {[%emt 00:01:37]} 31. h3 {[%clk 00:06:53]}
{[%emt 00:02:09]} a6 {[%clk 00:01:06]} {[%emt 00:00:31]} 32. Qb4 {[%clk
00:06:59]} {[%emt 00:00:32]} Bd5 {[%clk 00:01:12]} {[%emt 00:00:32]} 33. Kh2
{[%clk 00:07:09]} Ng6 {[%clk 00:00:50]} 34. Bxg6 hxg6 {[%clk 00:01:17]} 35. Qb1
{[%clk 00:07:44]} {[%emt 00:00:31]} g5 {[%clk 00:01:21]} 36. Rxe8+ {[%clk
00:07:51]} {[%emt 00:00:31]} Rxe8 {[%clk 00:01:46]} 37. Re1 {[%clk 00:08:17]}
Rxe1 38. Qxe1 {[%clk 00:08:41]} Kf7 {[%clk 00:02:27]} 39. Kg1 {[%clk 00:08:06]}
{[%emt 00:01:04]} a5 {[%clk 00:02:31]} {[%emt 00:00:32]} 40. Qb1 {[%clk
00:07:30]} {[%emt 00:01:04]} Bc6 {[%clk 00:02:38]} {[%emt 00:00:32]} 41. Qe1
{[%clk 00:07:29]} {[%emt 00:00:32]} Qd8 {[%clk 00:01:02]} {[%emt 00:02:09]} 42.
Qd1 {[%clk 00:28:44]} {[%emt 00:09:07]} Bd5 {[%clk 00:21:20]} {[%emt 00:10:12]}
43. Qb1 {[%clk 00:28:15]} {[%emt 00:01:04]} Qd7 {[%clk 00:19:41]} {[%emt
00:02:08]} 44. Qe1 {[%clk 00:24:43]} {[%emt 00:03:45]} Be6 {[%clk 00:17:10]}
{[%emt 00:03:13]} 45. Qe4 {[%clk 00:20:09]} {[%emt 00:04:50]} Bf5 {[%clk
00:10:38]} {[%emt 00:07:30]} 46. Qe3 {[%clk 00:19:15]} {[%emt 00:01:04]} Kg6
{[%clk 00:04:52]} {[%emt 00:06:26]} 47. Qd2 {[%clk 00:15:12]} {[%emt 00:04:18]}
Bd3 {[%clk 00:05:01]} {[%emt 00:00:32]} 48. Qb2 {[%clk 00:15:21]} {[%emt
00:00:32]} Kf7 {[%clk 00:05:05]} 49. Bf2 {[%clk 00:14:41]} {[%emt 00:01:36]}
Ke6 {[%clk 00:03:06]} {[%emt 00:02:09]} 50. Be3 {[%clk 00:14:42]} {[%emt
00:00:32]} Qc6 {[%clk 00:02:31]} {[%emt 00:01:04]} 51. Kf2 {[%clk 00:14:46]}
{[%emt 00:00:32]} Kd7 {[%clk 00:02:39]} {[%emt 00:00:32]} 52. Bc1 {[%clk
00:12:26]} {[%emt 00:02:41]} Qb7 {[%clk 00:02:39]} {[%emt 00:00:32]} 53. Qd2
{[%clk 00:12:43]} Qb8 {[%clk 00:01:58]} {[%emt 00:01:05]} 54. Qe1 {[%clk
00:12:52]} {[%emt 00:00:31]} Qd6 {[%clk 00:02:07]} {[%emt 00:00:32]} 55. Bb2
{[%clk 00:12:52]} {[%emt 00:00:32]} f5 {[%clk 00:01:35]} {[%emt 00:01:04]} 56.
g3 {[%clk 00:10:51]} {[%emt 00:02:09]} f4 {[%clk 00:01:27]} {[%emt 00:00:34]}
57. g4 {[%clk 00:03:20]} {[%emt 00:08:02]} Qh6 {[%clk 00:01:34]} {[%emt
00:00:32]} 58. Kg2 {[%clk 00:03:36]} {[%emt 00:00:32]} Qh4 {[%clk 00:02:00]} 59.
Qf2 {[%clk 00:03:30]} {[%emt 00:00:32]} Qxf2+ {[%clk 00:02:05]} {[%emt
00:00:32]} 60. Kxf2 {[%clk 00:03:56]} Kc6 {[%clk 00:02:16]} 61. Bc1 {[%clk
00:03:51]} {[%emt 00:00:33]} b4 {[%clk 00:01:27]} {[%emt 00:01:37]} 62. Bb2
{[%clk 00:03:40]} {[%emt 00:00:32]} Kb5 {[%clk 00:01:09]} {[%emt 00:01:04]} 63.
axb4 {[%clk 00:02:01]} {[%emt 00:02:09]} axb4 {[%clk 00:01:30]} 64. Ke1 {[%clk
00:02:22]} Bg6 {[%clk 00:00:38]} {[%emt 00:01:36]} 1/2-1/2